Automatikus hőmérsékletszabályozó [kép] /

Elmentve itt :
Bibliográfiai részletek
Szerző: Tóth Béla
Dokumentumtípus: Cikk
Megjelent: 1960-02-17
Sorozat:Délmagyarország 50 No. 40
Kulcsszavak:Muszka Dániel, Kovács Károly, Tudományos élet Szeged 1960
Online Access:http://dmarchiv.bibl.u-szeged.hu/36042
LEADER 00510nab a2200157 i 4500
001 delm36042
005 20180927112832.0
008 180927s1960 hu o 0|| hun d
040 |a SZTE Délmagyarország Archívum  |b hun 
041 |a hun 
100 1 |a Tóth Béla 
245 1 0 |a Automatikus hőmérsékletszabályozó   |h [elektronikus dokumentum] :  |b [kép] /  |c  Tóth Béla 
260 |c 1960-02-17 
300 |a 1 
490 0 |a Délmagyarország  |v 50 No. 40 
695 |a Muszka Dániel, Kovács Károly, Tudományos élet Szeged 1960